000 00879cam a2200289 a 4500
001 10855
003 BD-RjUL
005 20211208235028.0
008 140125s1965 nyu 000 0 eng d
035 _a(BD-RjUL)10904
040 _aANL
_beng
_cANL
_dABN-SNR
_dBD-RjUL
041 _aeng
082 0 4 _a550
_bRAM 1965
100 1 _aRamsey, William L.
_933560
245 1 0 _aModern earth science /
_cby William L. Ramsey [and] Raymond A. Burckley.
260 _aNew York :
_bHolt, Rinehart and Winston,
_c1965.
300 _aviii, 664 p. :
_billus. (part col.) port. ;
_c24 cm.
490 0 _aHolt library of science
504 _aIncludes index.
650 0 _aPhysical geography.
_933561
650 0 _aGeology.
_933562
650 0 _aMeteorology.
_933563
651 0 _aEarth (Planet)
_933564
700 1 _aBurckley, Raymond A.
_933565
942 _2ddc
_cBK
999 _c10855
_d10855